|
|
|
|
| LEADER |
00000nam a22000007a 4500 |
| 005 |
20220719233446.0 |
| 007 |
cr|||| |||| |
| 008 |
220719s2021 ea |||||s|||| 00||0 spa d |
| 020 |
|
|
|a 978-84-1122-106-1
|
| 035 |
|
|
|a 36467
|
| 040 |
|
|
|a vLex
|
| 090 |
|
|
|c 13599
|d 13599
|
| 100 |
1 |
|
|a Del Valle Gl̀vez, Alejandro
|
| 245 |
1 |
0 |
|a Inmigracin̤ y derechos humanos en las fronteras exteriores del sur de Europa
|h [Recurso electrn̤ico] /
|c Alejandro Del Valle Gl̀vez, Lorena Calvo Mariscal, Rachid El Houdag̐ui
|
| 256 |
|
|
|a Servicio en ln̕ea
|
| 260 |
|
|
|a Madrid:
|b Dykinson,
|c 2021
|
| 300 |
|
|
|a 1 recurso electrn̤ico
|
| 500 |
|
|
|a La presente obra constituye la culminacin̤ de uno de los objetivos principales del Centro de Excelencia Jean Monnet "Inmigracin̤ y Derechos Humanos en las Fronteras Exteriores Europeas / Migration and Human Rights in Europe's External Borders". Se abordan estas temt̀icas con aportaciones acadm̌icas de Profesores de Derecho Internacional y Europeo de Italia, Malta, Espaą y Marruecos, expertos en materia de inmigracin̤ y derechos humanos, vinculados al Centro de Excelencia y a su Ms̀ter en Relaciones Internacionales y Migraciones. Los diferentes enfoques y perspectivas aportan una original visin̤ comparada de la evolucin̤ de la gobernanza y la gestin̤ del control de la inmigracin̤ y los derechos humanos en la frontera sur de Europa desde ambos lados del Mediterrǹeo. Durante 2019 y 2020 las Universidades de Cd̀iz y Granada (Espaą), Abdelmalek Essad́i y Mohamed VI (Marruecos), Pisa y Np̀oles "L'Orientale" (Italia), as ̕como el Instituto de Derecho Mart̕imo Internacional de la OMI (Malta) debatieron en sucesivos encuentros variadas y muy actuales temt̀icas en torno a refugiados, migrantes y derechos humanos en las fronteras exteriores de la UE y, en especial, en el ℓrea del Estrecho de Gibraltar, con aportaciones que se resumen y presentan en esta necesaria obra colectiva. El Centro de Excelencia Jean Monnet "Inmigracin̤ y Derechos Humanos en las Fronteras Exteriores Europeas / Migration and Human Rights in Europe's External Borders" (587177-EPP-1-2017-1-ESEPPJMO-CoE), es un Centro transnacional de formacin̤, investigacin̤ y divulgacin̤ cientf̕ica en materia de inmigracin̤, fronteras y derechos humanos en la frontera sur de Europa y el ℓrea del Estrecho, en particular. La zona geogrf̀ica en la que tiene su sede, la provincia ms̀ al sur de Espaą, le permite analizar las realidades migratorias y la gestin̤ prc̀tica del control de fronteras y la cooperacin̤ con terceros pas̕es situados en el norte de ℓfrica. Este libro responde a los objetivos del Centro de Excelencia Jean Monnet, concedido por la Comisin̤ Europea al Equipo y Proyecto que lidera el Profesor Alejandro del Valle Gl̀vez en la Universidad de Cd̀iz. Estas finalidades se estructuran en cuatro ejes fundamentales: el lanzamiento del Ms̀ter Oficial Bilingüe en Relaciones Internacionales y Migraciones / Master in International Relations and Migrations (International and European Studies) que converge oportunamente la generalidad del estudio de las Relaciones Internacionales con la especialidad de las migraciones y los derechos humanos; la celebracin̤ de Jornadas Internacionales con universitarios marroque̕s en Tǹger-Tetuǹ; la difusin̤ de los temas migratorios y de derechos humanos a la sociedad civil y a los alumnos de centros de educacin̤ preuniversitarios, y la organizacin̤ de encuentros y seminarios con expertos y ONGs para abordar la realidad prc̀tica de la inmigracin̤ y la proteccin̤ internacional en el sur de Europa.
|
| 506 |
1 |
|
|a Disponible solo en los productos indicados
|d vLex Global
|d vLex Global (Academic Edition, excluding Law Schools)
|d vLex Global (U.S. Academic Edition, Law Schools)
|d vLex Global (U.S. Academic Edition, excluding Law Schools)
|d vLex Global (Academic Edition, Law Schools)
|
| 650 |
0 |
4 |
|a Derecho Pb︢lico y Administrativo
|z Espaą
|
| 650 |
0 |
4 |
|a Derecho Internacional
|z Espaą
|
| 650 |
0 |
4 |
|a Derecho Militar
|z Espaą
|
| 700 |
1 |
|
|a Calvo Mariscal, Lorena
|
| 700 |
1 |
|
|a El Houdag̐ui, Rachid
|
| 740 |
0 |
|
|a vLex Libros (Servicio en ln̕ea)
|
| 856 |
4 |
0 |
|u https://app.vlex.com/#/sources/36467
|z Acceso restringido
|
| 942 |
|
|
|c BOOK
|
| 999 |
0 |
|
|a Public and Administrative Law
|
| 999 |
0 |
|
|a International Law
|
| 999 |
0 |
|
|a Military Law
|